<The> Distributional Effects of Public Expenditure Update and Overview
Gespeichert in:
| 1. Verfasser: | |
|---|---|
| Weitere Verfasser: | |
| Format: | Buch |
| Sprache: | Englisch |
| Veröffentlicht: |
Washington
International Monetary Fund
1995
|
| Ausgabe: | 1. ed. |
| Schriftenreihe: | IMF Working Paper
84 |
| Schlagworte: | |
| Tags: |
Keine Tags, Fügen Sie das erste Tag hinzu!
|
MARC
| LEADER | 00000nam a2200000 4500 | ||
|---|---|---|---|
| 001 | c016073 | ||
| 005 | 20221221080107.7 | ||
| 041 | 0 | |a eng | |
| 044 | |a US | ||
| 245 | 1 | 0 | |a <The> Distributional Effects of Public Expenditure |b Update and Overview |c Gerd Schwartz, Teresa Ter-Minassian |
| 250 | |a 1. ed. | ||
| 264 | 1 | |a Washington |b International Monetary Fund |c 1995 | |
| 300 | |a 24 s. | ||
| 490 | 1 | |a IMF Working Paper |v 84 | |
| 830 | 0 | |a IMF Working Paper |v 84 | |
| 610 | 2 | 0 | |a výdavky verejné |
| 610 | 2 | 0 | |a rast hospodársky |
| 610 | 2 | 0 | |a distribúcia |
| 610 | 2 | 0 | |a metódy distribučné |
| 610 | 2 | 0 | |a dôchodok národný |
| 100 | 1 | |a Schwartz, Gerd | |
| 700 | 1 | |a Ter-Minassian, Teresa | |